| 000 | 00686nam a2200193 i 4500 | ||
|---|---|---|---|
| 001 | bg | ||
| 100 | 1 |
_aGorzałczany, Marian Bolesław _d(1955- ). |
|
| 245 | 0 |
_aUkłady cyfrowe - metody syntezy. _nT. 2, _pUkłady sekwencyjne, układy mikroprogramowane / _cMarian B. Gorzałczany. |
|
| 260 |
_aKielce : _bPŚ, _c1990. |
||
| 300 |
_a370 s. : _brys., wykr. _c24 cm. |
||
| 490 | 1 |
_aSkrypty Uczelniane Politechniki Świętokrzyskiej, _x0239-6386 ; _vnr 192 |
|
| 504 | _aBibliogr. s. 351. | ||
| 830 |
_aSkrypty Uczelniane Politechniki Świętokrzyskiej, _x0239-6386 ; |
||
| 040 | _cBPK | ||
| 041 | _apol | ||
| 080 | _a681.32(075.8) | ||
| 942 | _cKS | ||
| 008 | s pl f |000 0 pol | ||
| 999 |
_c4455 _d4455 |
||
| 856 |
_uhttp://koha.tu.koszalin.pl/cgi-bin/koha/opac-detail.pl?biblionumber=4455 _yKatalog online BPK |
||